Statistiken für Spieler des FC Barcelona erraten

Klicken Sie hier um das Quiz zu spielen!

Allgemein

  • Dieses Quiz wurde 458 mal gespielt
    (453 seit der letzten Aktualisierung)
  • Das Durchschnittsergebnis liegt bei 7 aus 10

Antwortstatistiken

BeschreibungName% Korrekt
DIE Legende des Vereins, der einzig wahre GOAT, erzielte in 520 Ligaspielen 474 Tore, davon 50 in 37 Spielen (Saison 2011/12)Lionel Messi
99%
sehr enges Verhältnis zum GOAT, Stand Juni 2022 neben CR7 und Ruud van Nistelrooy der einzige Spieler, welcher in drei verschiedenen europäischen Ligen Torschützenkönig wurde, auch bekannt für seine BeißattackenLuis Suarez
88%
lockiges, langes Haar, ehemaliger Mannschaftskapitän, der seine für einen IV geringe Körpergröße mit enormer Sprungkraft und aggressivem Tackling wettmachte, Weltmeister 2010, die Deutschen erinnern sich vielleicht schmerzhaft an das HalbfinaleCarles Puyol
87%
19 Jahre jung, riesiges Talent, erst seit 2020 im Kader der Katalanen, jedoch bereits ein fixer Bestandteil des Mittelfeldes, dribbelstark, Golden-Boy-Award 2021Pedri
84%
der gesuchte Portugiese spielte zuerst für den FC Barcelona und dann für den Erzrivalen Real Madrid, wurde als "Königlicher" beim Ausführen eines Eckballs von Fans mit einem Schweinekopf beworfen, FIFA-Weltfußballer 2001Luis Figo
81%
verzauberte das Camp Nou mit spektakulären Tricks, seine Performance wurde einmal sogar von Fans des Erzrivalen mit Applaus bedacht, FIFA-Weltfußballer 2004 und 2005Ronaldinho
81%
Stand Juni 2022 Rekordtorschütze der spanischen Nationalmannschaft, sein Nachname ist ident mit der Bezeichnung von Häusern sehr wohlhabender Menschen, berüchtigt war der Gesuchte vor allem für Tore im "Arjen-Robben-Style" sowohl mit dem linken als auch dem rechten FußDavid Villa
73%
physisch enorm starker sowie schneller Spieler, Muskelpaket, spielte bereits in der Jugend beim FCB und rückte danach in den Profikader, anschließend bei Aston Villa, Middlesbrough und Wolverhampton aktiv, danach folgte die Rückkehr nach BarcelonaAdama Traore
68%
französischer Außenverteidiger, Muslim, 2011 wurde bei ihm ein Tumor entdeckt, der erfolgreich entfernt werden konnte, zeigte im Champions League-Finale gegen Man. United 2011 (3:1) eine Topleistung, der etatmäßige Kapitän der Katalanen ließ ihm beim Hochstemmen der Trophäe den VorzugEric Abidal
50%
Ersatztorwart des FCB von 2008 bis 2014, obwohl der Keeper nur selten spielte, genoss er bei den Fans ein hohes Ansehen, da er sich sehr mit dem Verein identifizierte und bei Rudelbildungen in Clasicos eine "führende Rolle" einnahm und sich vor seine Mitspieler stellteJose Pinto
23%

Verteilung der Resultate

Perzentil nach korrekt beantworteten Fragen

Anzahl Personen mit jedem Resultat

Ihre Resultats-Entwicklung

Sie haben dieses Quiz seit der letzten Aktualisierung nicht gespielt